Central Library OPAC University of Rajshahi

Historical geography of ancient India / (Record no. 22217)

MARC details
000 -LEADER
fixed length control field 00904cam a2200277 i 4500
001 - CONTROL NUMBER
control field 22217
003 - CONTROL NUMBER IDENTIFIER
rucl marc code BD-RjUL
005 - DATE AND TIME OF LATEST TRANSACTION
control field 20211209000800.0
008 - FIXED-LENGTH DATA ELEMENTS--GENERAL INFORMATION
fixed length control field 140306r1976 ii bf b 001 0 eng d
035 ## - SYSTEM CONTROL NUMBER
System control number (OCoLC)2853200
System control number (OCoLC)ocm02853200
System control number (CStRLIN)NYCG88-B12103
System control number (BD-RjUL)22282
System control number (NNC)626403
040 ## - CATALOGING SOURCE
Original cataloging agency DGU
Transcribing agency DGU
Modifying agency MiU
-- CStRLIN
-- NNC
-- BD-RjUL
Language of cataloging eng
041 ## - LANGUAGE CODE
Language code of text/sound track or separate title eng
082 04 - DEWEY DECIMAL CLASSIFICATION NUMBER
Classification number 911.54
Author mark and year LAH 1976
090 ## - LOCALLY ASSIGNED LC-TYPE CALL NUMBER (OCLC); LOCAL CALL NUMBER (OCLC)
Classification number (OCLC) (R) ; Classification number, CALL (RLIN) (NR) DS408.5
Local cutter number (OCLC) ; Book number/undivided call number, CALL (RLIN) .L38 1976g
100 1# - MAIN ENTRY--PERSONAL NAME
Personal name Law, Bimala Churn,
Dates associated with a name 1892-1969.
9 (RLIN) 68586
245 10 - TITLE STATEMENT
Title Historical geography of ancient India /
Statement of responsibility, etc. by Bimala Churn Law ; with a pref. by Louis Renou.
260 ## - PUBLICATION, DISTRIBUTION, ETC. (IMPRINT)
Place of publication, distribution, etc. Delhi :
Name of publisher, distributor, etc. Ess Ess Publications,
Date of publication, distribution, etc. 1976.
300 ## - PHYSICAL DESCRIPTION
Pagination 354 p., [2] leaves of plates :
Illustrations maps ;
Size 22 cm.
504 ## - BIBLIOGRAPHY, ETC. NOTE
Bibliography, etc Includes bibliographical references and index.
651 #0 - SUBJECT ADDED ENTRY--GEOGRAPHIC NAME
Geographic name India
General subdivision Historical geography.
9 (RLIN) 68587
942 ## - ADDED ENTRY ELEMENTS (KOHA)
Source of classification or shelving scheme Dewey Decimal Classification
Koha item type Books
Holdings
Lost status Source of classification or shelving scheme Damaged status Not for loan Collection code Permanent Location Current Location Shelving location Date acquired Source of acquisition Cost, normal purchase price Total Checkouts Full call number Date last seen Copy number Koha item type
  Dewey Decimal Classification   Added to bundle Non-fiction Central Library, University of Rajshahi Central Library, University of Rajshahi Reading Room 28/09/1978 inda int calcuta 65.00   911.54 LAH 1976 06/03/2014 C-1 Books